[Event "MCR v sachu muzu 2020"]
[Site "Plzen"]
[Date "2020.08.29"]
[Round "7.2"]
[White "Navara, David"]
[Black "Michalik, Peter"]
[Result "1-0"]
[WhiteElo "2719"]
[BlackElo "2593"]
[EventDate "2020.08.23"]

1. d4  Nf6  2. c4  e6
3. Nc3  Bb4  4. Nf3
d5  5. Qa4+  Nc6
6. e3  O-O  7. Qc2
a6  8. Bd2  Bd6
9. a3  dxc4  10. Bxc4  e5
11. d5  Ne7  12. h3
b5  13. Ba2  Bb7
14. e4  b4  15. axb4
c6  16. Bg5  cxd5
17. Bxf6  gxf6  18. exd5
Rc8  19. O-O  Bxb4
20. Rfd1  Ng6  21. h4
h5  22. Bb1  Re8
23. Qb3  Bxc3  24. Bxg6
fxg6  25. d6+  Kh8
26. Qxb7  Rb8  27. Qf7
Bxb2  28. Rxa6  Rf8
29. Qxg6  Qd7  30. Qxh5+
Kg7  31. Nh2  Bd4
32. Rd3  Rg8  33. Rg3+
Kf8  34. Rxg8+  Kxg8
35. Ng4  1-0

[Event "MCR v sachu muzu 2020"]
[Site "Plzen"]
[Date "2020.08.29"]
[Round "7.6"]
[White "Babula, Vlastimil"]
[Black "Mladek, Richard"]
[Result "1-0"]
[WhiteElo "2571"]
[BlackElo "2280"]
[EventDate "2020.08.23"]

1. d4  Nf6  2. c4  g6
3. Nc3  Bg7  4. e4
d6  5. Nf3  O-O
6. Be2  c5  7. O-O  Nc6
8. d5  Na5  9. Bg5
h6  10. Bd2  e5
11. Qc1  Kh7  12. g3  Bh3
13. Re1  b6  14. Nh4
Ne8  15. Bd3  a6
16. b3  Bd7  17. Qc2
Rb8  18. a4  Nb7
19. Kh1  a5  20. Rf1
Qe7  21. Rae1  Bh3
22. Ng2  Nc7  23. f3
Na6  24. Qc1  Nb4
25. Bb1  Rh8  26. Nd1
Kg8  27. Nf2  Bxg2+
28. Kxg2  Kf8  29. f4
Ke8  30. fxe5  dxe5
31. Ng4  f6  32. Bxh6
Bxh6  33. Nxh6  Kd7
34. Ng4  Rbf8  35. Rf3
Nd6  36. h4  Rh5
37. Ref1  Ne8  38. Qb2
Qd6  39. Kf2  Ke7
40. Ke1  Qd7  41. Ne3
Qd6  42. Qd2  Rh7
43. Kd1  Rh5  44. Kc1
Rh7  45. Ng4  Rh5
46. R3f2  Rh7  47. Nh2
Qd7  48. Qe2  Qh3
49. Qf3  Qd7  50. Ng4
Qd6  51. Qe2  Rh5
52. Ne3  Ng7  53. Qg4
1-0

[Event "MCR v sachu muzu 2020"]
[Site "Plzen"]
[Date "2020.08.29"]
[Round "7.7"]
[White "Simacek, Pavel"]
[Black "Gnojek, Petr"]
[Result "1-0"]
[WhiteElo "2474"]
[BlackElo "2225"]
[EventDate "2020.08.23"]

1. d4  d6  2. c4  f5
3. Nf3  Nf6  4. Nc3
g6  5. e3  Bg7
6. Bd3  c6  7. O-O  O-O
8. Re1  Qc7  9. e4
fxe4  10. Nxe4  Nxe4
11. Bxe4  e5  12. dxe5
dxe5  13. Bd2  Na6
14. b4  Bf5  15. Bc3
Rad8  16. Qb3  Qe7
17. c5+  Kh8  18. Nxe5
Bxe5  19. Bxf5  Rxf5
20. Rxe5  Rxe5  21. Re1
Rdd5  22. Qxd5  cxd5
23. Rxe5  Qf8  24. Re8+
Kg8  25. Rxf8+  Kxf8
26. a3  Nb8  27. b5
Nd7  28. Bd4  Ke7
29. f4  Nf8  30. Kf2
Ne6  31. Ke3  h5
32. g3  Nd8  33. h3 Nf7
34. Be5  Nh6  35. Kf3
Ke6  36. g4  hxg4+
37. hxg4  Nf7  38. Bb8
a6  39. bxa6  bxa6
40. c6  Nh6  41. Be5
Nf7  42. Ke3  Nh6
43. Kf3  Nf7  44. a4
Nh6  45. Ke3  Nxg4+
46. Kd4  Nh6  47. Kc5
Nf5  48. Kb6  Ne7
49. Bd4  a5  50. Bc5
1-0

[Event "MCR v sachu muzu 2020"]
[Site "Plzen"]
[Date "2020.08.29"]
[Round "7.9"]
[White "Kozusek, Daniel"]
[Black "Hollan, Martin"]
[Result "1/2-1/2"]
[WhiteElo "2307"]
[BlackElo "2346"]
[EventDate "2020.08.23"]

1. d4  Nf6  2. Bg5  e6
3. e4  h6  4. Bxf6
Qxf6  5. c3  d6
6. Bd3  g6  7. Ne2  Bg7
8. O-O  e5  9. f4
Qe7  10. f5  gxf5
11. exf5  Nd7  12. Ng3
Nf6  13. Qf3  Bd7
14. Qxb7  O-O  15. Nd2
Rab8  16. Qf3  exd4
17. Rae1  Qd8  18. cxd4
Rxb2  19. Nde4  d5
20. Nxf6+  Bxf6  21. Kh1
Bb5  22. Bxb5  Rxb5
23. Nh5  Rb4  24. Qxd5
Rxd4  25. Qc5  Qd6
26. Nxf6+  Qxf6  27. Qxa7
Rd2  28. Qxc7  Rxa2
29. Qe5  Qxe5  30. Rxe5
Rfa8  31. h3  Ra1
32. Rxa1  Rxa1+  33. Kh2
Kg7  34. Kg3  Kf6
35. Rb5  Ra4  36. Kf3
Kg5  37. g3  1/2-1/2

[Event "MCR v sachu muzu 2020"]
[Site "Plzen"]
[Date "2020.08.29"]
[Round "7.13"]
[White "Riha, Vojtech"]
[Black "Mica, Marek"]
[Result "1/2-1/2"]
[WhiteElo "2270"]
[BlackElo "2315"]
[EventDate "2020.08.23"]

1. e4  d5  2. exd5  Qxd5
3. Nc3  Qd6  4. d4
Nf6  5. Nf3  c6
6. Ne5  Nbd7  7. Bf4  Nd5
8. Nxd5  Qxd5  9. Qd3
Nxe5  10. dxe5  Qa5+
11. c3  g6  12. Be2
Bg7  13. Qg3  Be6
14. O-O  Rd8  15. Rfe1
h5  16. h4  Rd7
17. Bd3  O-O  18. Bc2  Qb6
19. b3  Qc5  20. b4
Qb5  21. Bb3  Bxb3
22. axb3  e6  23. Rxa7
Rd3  24. c4  Qxb4
25. Qxd3  Qxe1+  26. Qf1
Qe4  27. g3  Bxe5
28. Bxe5  Qxe5  29. Rxb7
Ra8  30. Rd7  c5 31. Rd3
Ra1  32. Rd1  Ra2
33. Qd3  Rb2  34. Qf3
Kg7  35. Rd7  Qf6 36. Qe3 Rb1+
37. Kg2  Qa1  38. Qxe6
Rg1+  39. Kf3  Qc3+
40. Kf4  Qc1+  41. Qe3
Qxe3+  42. Kxe3  Kf6
43. Rc7  Rb1  44. Rxc5
Rxb3+  45. Ke4  Ke6
46. Rb5  Rc3  47. Rb6+
Ke7  48. Kd5 Rc2  49. Rb7+
Ke8  50. c5  Rxf2
51. Rb3  Kd7  52. c6+
Kc7  53. Rb7+  Kc8
54. Rb4  Rf3  55. Rf4
Rxg3  56. Rxf7  g5
57. hxg5  Rxg5+  58. Kd6
Rg6+  59. Kc5  Rg1
1/2-1/2

[Event "MCR v sachu muzu 2020"]
[Site "Plzen"]
[Date "2020.08.29"]
[Round "7.17"]
[White "Zeman, Matyas"]
[Black "Hlozek, David"]
[Result "1/2-1/2"]
[WhiteElo "2250"]
[BlackElo "2037"]
[EventDate "2020.08.23"]

1. e4  c5  2. Nf3  d6
3. d4  cxd4  4. Qxd4
Nc6  5. Bb5  Bd7
6. Bxc6  Bxc6  7. Nc3
h6  8. O-O  e5
9. Qd3  Nf6  10. Be3  Be7
11. Rfd1  O-O  12. a4
Ng4  13. h3  Nxe3
14. Qxe3  Qc7  15. Qd3
Rfd8  16. Rd2  Rac8
17. Nb5  Qb6  18. c4
f5  19. Nc3  fxe4
20. Nxe4  Bxe4  21. Qxe4
Qc6  22. Qxc6  Rxc6
23. b3  Rb6  24. Rb1
Bf6  25. Rd5  Kf7
26. Nd2  Ke6  27. Ne4
Be7  28. f3  Rc8
29. Rdd1  a6  30. Nc3
Rbc6  31. Rd3  Bd8
32. Kh1  Ba5  33. Ne4
Bb4  34. Rd5  g5
35. Rbd1  b6  36. g3
Rg8  37. Kg2  Rb8
38. h4  gxh4  39. Rh1
b5  40. axb5  axb5
41. Rxh4  bxc4  42. bxc4
Rxc4  43. Rd3  Rd4
44. Rxh6+  Kd5  45. Rb3
Ra8  46. Rxb4  Rxb4
47. Rxd6+  Kc4  48. g4
Rb2+  49. Kg3  Ra1
50. Kh4  Rh1+  51. Kg5
Rh3  52. f4  exf4
53. Kxf4  Rh1  54. Rc6+
Kd5  55. Rd6+  Kc4
1/2-1/2

[Event "MCR v sachu muzu 2020"]
[Site "Plzen"]
[Date "2020.08.29"]
[Round "7.23"]
[White "Bartos, Jan"]
[Black "Simek, Petr"]
[Result "1/2-1/2"]
[WhiteElo "2131"]
[BlackElo "2324"]
[EventDate "2020.08.23"]

1. d4  Nf6  2. Nf3  d5
3. g3  c5  4. Bg2
cxd4  5. O-O  h6
6. b3  Nc6  7. Nxd4
e5  8. Nxc6  bxc6
9. c4  Bb7  10. cxd5
cxd5  11. Bb2  Bd6
12. Nc3  e4  13. Nb5
Be7  14. Rc1  O-O
15. Qd2  a6  16. Nd4
Qd7  17. Qf4  Bd6
18. Qh4  Bc8  19. Nc6
Qe6  20. Bxf6  Qxf6
21. Qxf6  gxf6  22. Rfd1
Be6  23. Rc2  f5
24. f4  Kg7  25. Nd4
Rfc8  26. Rdc1  Kf6
27. e3  Ba3  28. Rxc8
Rxc8  29. Rxc8  Bxc8
30. Kf2  Bc5  31. Nc2
a5  1/2-1/2

[Event "MCR v sachu muzu 2020"]
[Site "Plzen"]
[Date "2020.08.29"]
[Round "7.26"]
[White "Koubova, Anna Marie"]
[Black "Toman, Ondrej"]
[Result "1/2-1/2"]
[WhiteElo "2099"]
[BlackElo "2233"]
[EventDate "2020.08.23"]

1. e4  c6  2. d4  d5
3. e5  c5  4. dxc5
Nc6  5. Nf3  Bg4
6. Be2  e6  7. Be3
Bxf3  8. Bxf3  Nxe5
9. O-O  Ne7  10. Bd4
Nxf3+  11. Qxf3  Nf5
12. Qc3  Nxd4  13. Qxd4
Be7  14. Nd2  O-O
15. Rac1  Qc7  16. Nb3
Bf6  17. Qg4  Bxb2
18. Rb1  Bf6  19. c4
Rfd8  20. cxd5  Rxd5
21. Rfd1  Rad8  22. g3
h5  23. Qe2  Be7
24. Rdc1  h4  25. Rc4
hxg3  26. hxg3  g6
27. Qf3  Rd3  28. Qf4
Qxf4  29. Rxf4  Rc3
30. Na5  g5  31. Ra4
Bxc5  32. Nxb7  Rb8
33. Rb5  Rxg3+  34. Kf1
Rf3  35. Rxc5  Rxb7
36. Rxg5+  Kf8  37. Kg2
Rf6  38. f4  Rg6
39. Rxg6  fxg6  40. Kf3
Ke7  41. Kg4  Kf6
42. Kf3  Rg7  43. Ra5
Rc7  44. Ra4  g5
45. fxg5+  Kxg5  46. Ke4
Kf6  47. Ra6  Rh7
48. Kf4  Rb7  49. Ke4
Ke7  50. Ke5  Kd7
51. Rd6+  Kc7  52. Rxe6
Rb2  53. Ra6  Kb7
54. Ra3  Rd2  55. Ke4
Kb6  56. Ke3  Rh2
57. Kd4  Rh4+  58. Kc3
a5  59. Rb3+  Kc5
60. Rb8  Rh3+  61. Kb2
Kc4  62. Rb7  Re3
63. Rb8  Re2+  64. Ka3
Rf2  65. Rc8+  Kb5
66. Rb8+  Ka6  67. Ra8+
Kb6  68. Rb8+  Ka7
69. Rh8  Kb6  1/2-1/2

[Event "MCR v sachu muzu 2020"]
[Site "Plzen"]
[Date "2020.08.29"]
[Round "7.35"]
[White "Pokrupa, Marek"]
[Black "Jezek, Jan"]
[Result "1-0"]
[WhiteElo "2164"]
[BlackElo "2162"]
[EventDate "2020.08.23"]

1. d4  d6  2. c4  Nf6
3. Nf3  Nbd7  4. Nc3
c6  5. g3  e5
6. Qc2  Be7  7. Bg2  O-O
8. O-O  Qc7  9. Rd1
a6  10. Rb1  Nb6
11. b3  Bg4  12. Be3
Nbd7  13. Rbc1  Rac8
14. Qb1  Qb8  15. h3
Bh5  16. b4  Bg6
17. Qb3  b5  18. dxe5
dxe5  19. c5  a5
20. a3  Bf5  21. Nd2
a4  22. Qb2  Be6
23. Nde4  Nd5  24. Nxd5
Bxd5  25. Nd6  Bxd6
26. Bxd5  cxd5  27. Rxd5
Rc6  28. Rcd1  Nxc5
29. bxc5  Bc7  30. Rb1
Ba5  31. Qxb5  Qxb5
32. Rxb5  Bc3  33. Rb6
Rc7  34. c6  f6
35. Rd7  Rxd7  36. cxd7  Kf7
37. Rd6  Ba5  38. Ra6
Bd8  39. Ra8  Ke6
40. Bc5  Rg8  41. Rxa4
Kxd7  42. Ra8  Re8
43. Bb4  Bb6  44. Rxe8
Kxe8  45. e4  h5
46. Kf1  Kd7  47. Ke2
g6  48. f3  f5
49. Kd3  Kc6  50. Kc4  fxe4
51. fxe4  Bf2  52. g4
hxg4  53. hxg4  Bb6
54. Be7  Ba5  55. Bc5
Bd2  56. a4  Ba5
57. Bb4  Bb6  58. Be7
Ba5  59. Bh4  Bb6
60. Kb4  Bc7  61. Bf2
Bd8  62. a5  Be7+
63. Kc4  Ba3  64. a6
Bb2  65. a7  Kb7
66. Kd5  Ka8  67. Bg3
Kxa7  68. Bxe5  Ba3
69. Kc6  1-0

[Event "MCR v sachu muzu 2020"]
[Site "Plzen"]
[Date "2020.08.29"]
[Round "7.36"]
[White "Malinovsky, Petr"]
[Black "Taus, Martin"]
[Result "0-1"]
[WhiteElo "2081"]
[BlackElo "2142"]
[EventDate "2020.08.23"]

1. d4  e6  2. c4  f5
3. e3  Nf6  4. Bd3
b6  5. Nc3  Bb4
6. Nge2  Bb7  7. O-O  O-O
8. a3  Bd6  9. f3
Nc6  10. b4  a5
11. b5  Ne7  12. e4  fxe4
13. fxe4  e5  14. d5
Bc5+  15. Kh1  Ng4
16. h3  Rxf1+  17. Qxf1
Nf2+  18. Kh2  Nxd3
19. Bd2  Ng6  20. Qf3
Nb2  21. Be3  Qf6
22. Qg3  Qh4  23. Qxh4
Nxh4  24. Rc1  Bxe3
0-1